Capoluoghi di Provincia di almeno 10 Lettere - Statistics

Statistiche generali
  • Questo quiz è stato fatto 54 volte
  • Il punteggio medio è 5 su 7
Statistiche sulle risposte
Lunghezza in lettere Lettera iniziale Capoluogo di Regione % Corretto
10 A Alessandria
85%
12 C Caltanissetta
79%
14 V Vibo Valentia
77%
12 R Reggio Calabria
69%
13 R Reggio Emilia
69%
11 A Ascoli Piceno
51%
12 C Campobasso
36%
Nessun quiz corrispondente trovato
Distribuzione punteggi
Percentuale di utenti per punteggio
Percentile per numero di risposta
I tuoi punteggi nel tempo
Non hai fatto questo quiz